Poliščuk, V. Vybrani tvory

Bibliographic Details
Format: Article
Language:Ukrainian
PhysicalDescription:Fotogr.
Subjects:

MARC

LEADER 00000nab a2200000 a 4500
001 vtls010638097
003 SK-MaSNL
005 20260318114356.0
008 141124c2014 xo br p 000 c0ukr
015 |a SNBRB2014/11 
038 |a SVKPOCL 
040 |a SVKPOCL  |b slo  |c SVKPOCL  |e AACR2 
041 0 |a ukr 
044 |a xo  |c SK 
080 |a 80(=16)+908(4)  |2 2001 
080 |a 80(=161.2)+908(477)  |2 2001 
080 |a (048.2)  |2 2001 
080 |a 821.161.2)  |2 2001 
080 |a 821.161.2-1  |2 2001 
080 |a 821.161.2-3  |2 2001 
245 0 0 |a Poliščuk, V. Vybrani tvory 
300 |b Fotogr. 
500 |a V rubrike Ukrajina vydaje 
500 |a Prezentovaná kniha vyšla v Kyjiv : «Smoloskyp», 2014. - 610 s. 
600 1 7 |a Poliščuk, Valer`jan,  |d 1897-1937  |t Vybrani tvory  |2 svkpocl  |9 1629173 
650 0 7 |a ukrajinská literatúra  |2 svkpocl  |9 1218 
650 0 7 |a ukrajinská poézia  |2 svkpocl  |9 59029 
650 0 7 |a slavistika  |2 svkpocl  |9 4282 
650 0 7 |a ukrajinistika  |2 svkpocl  |9 51200 
650 0 7 |a ukrajinská próza  |2 svkpocl  |9 82745 
651 7 |a Ukrajina  |2 svkpocl  |9 168045 
655 7 |a anotácie  |2 svkpocl  |9 51989 
655 7 |a články z novín a časopisov  |2 svkpocl  |9 267496 
773 0 |t Duklja  |g Rik vydannja 62, No 4 (2014), s. 92 
852 |a SVKPO  |b KIS3GCP 
958 |a UK 
958 |a LX 
958 |a SK 
958 |a UA 
958 |a BC 
958 |a SS 
999 |c 3362421  |d 3364351